|
|
|
|
| LEADER |
00000nam a22000007a 4500 |
| 005 |
2019092005375.0 |
| 007 |
cr|||| |||| |
| 008 |
190920s2018 br |||||s|||| 00||0 por d |
| 020 |
|
|
|a 978-85-361-9918-4
|
| 035 |
|
|
|a 30314
|
| 040 |
|
|
|a vLex
|
| 090 |
|
|
|c 9628
|d 9628
|
| 100 |
1 |
|
|a Messias Saliba, Tuffi
|
| 245 |
1 |
0 |
|a Manual prt̀ico de avaliaȯ̂ e controle de poeira e outros particulados - PPRA - 2018
|h [Recurso electrn̤ico] /
|c Tuffi Messias Saliba
|
| 256 |
|
|
|a Servicio en ln̕ea
|
| 260 |
|
|
|a San Pablo:
|b LTR,
|c 2018
|
| 300 |
|
|
|a 1 recurso electrn̤ico
|
| 500 |
|
|
|a É com muita satisfaȯ̂ que apresentamos aos leitores a 9® ediȯ̂ do Manual Prt̀ico de Avaliaȯ̂ e Controle de Poeira e Outros Particulados – PPRA. A cada ediȯ̂, nossa responsabilidade aumenta quanto ̉qualidade do conted︢o e, desse modo, a revisô busca tambm̌ aperfeiȯ-̀lo. Nesta ediȯ̂, todos os capt̕ulos foram revisados, alm̌ de serem includ̕os exemplos prt̀icos e normas pertinentes ̉metodologia de avaliaȯ̂ quantitativa de poeira e outros particulados e tambm̌ foi acrescentado o capt̕ulo sobre atmosfera explosiva por poeira. Na oportunidade, agradecemos aos leitores a excelente aceitaȯ̂ da obra. Alm̌ disso, estamos abertos a sugeste̳s e crt̕icas sobre o conted︢o tčnico deste Manual.
|
| 506 |
1 |
|
|a Disponible solo en los productos indicados
|d vLex Global
|d vLex Global (Academic Edition, excluding Law Schools)
|d vLex Global (U.S. Academic Edition, Law Schools)
|d vLex Global (U.S. Academic Edition, excluding Law Schools)
|d vLex Global (Academic Edition, Law Schools)
|
| 650 |
0 |
4 |
|a Derecho Pb︢lico y Administrativo
|z Brasil
|
| 740 |
0 |
|
|a vLex Libros (Servicio en ln̕ea)
|
| 856 |
4 |
0 |
|u http://vlex.com/source/manual-pratico-de-avalia-o-e-controle-de-poeira-e-outros-particulados-ppra-2018-30314
|z Acceso restringido
|
| 942 |
|
|
|c BOOK
|
| 999 |
0 |
|
|a Public and Administrative Law
|